| 000 | 00530nam a22001697a 4500 | ||
|---|---|---|---|
| 999 |
_c164762 _d164762 |
||
| 005 | 20190527113907.0 | ||
| 010 | _aENG-125313 | ||
| 020 |
_a9789380665627 _c160.00 |
||
| 035 | _aEN-108845 | ||
| 037 | _bDBAD/PUB | ||
| 082 | _a000 | ||
| 245 |
_aTancet M.E.: _b electronics and communication engineering. |
||
| 260 |
_aChennai _bWin Win Books _c2015 |
||
| 270 |
_a1620, 'J Block", 16th Main Road, Anna Nagar _bChennai _k044-26262173, 26161099 _e600040 |
||
| 300 |
_a224p. _c25cm(pbk) |
||
| 942 |
_2ddc _cEN _h000 _mTAN |
||